La argentina frente al espejo de la crisis (Registro nro. 18077)
[ vista simple ]
| 000 -LEADER | |
|---|---|
| fixed length control field | 00399 a2200133 4500 |
| 001 - CONTROL NUMBER | |
| control field | ART_12848 |
| 005 - DATE AND TIME OF LATEST TRANSACTION | |
| control field | 20260410161733.0 |
| 008 - FIXED-LENGTH DATA ELEMENTS--GENERAL INFORMATION | |
| fixed length control field | 260409a |
| 100 1# - MAIN ENTRY--PERSONAL NAME | |
| Personal name | Expósito, David |
| 245 10 - TITLE STATEMENT | |
| Title | La argentina frente al espejo de la crisis |
| 700 1# - ADDED ENTRY--PERSONAL NAME | |
| Personal name | Blasco, Eduardo |
| 700 1# - ADDED ENTRY--PERSONAL NAME | |
| Personal name | Mora y Araujo, Manuel |
| 773 0# - HOST ITEM ENTRY | |
| Title | Ejecutivos de finanzas |
| Related parts | - Año 7, Nº 54 (abr. 1989) |
| Record control number | REV2863 |
No hay ítems disponibles.